Heroic leadership : (Record no. 275372)
[ view plain ]
| 000 -LEADER | |
|---|---|
| fixed length control field | 01648cam a2200325 a 4500 |
| 001 - CONTROL NUMBER | |
| control field | 16082241 |
| 005 - DATE AND TIME OF LATEST TRANSACTION | |
| control field | 20140903120126.0 |
| 008 - FIXED-LENGTH DATA ELEMENTS--GENERAL INFORMATION | |
| fixed length control field | 100203s2010 cau b 001 0 eng |
| 010 ## - LIBRARY OF CONGRESS CONTROL NUMBER | |
| LC control number | 2010004758 |
| 015 ## - NATIONAL BIBLIOGRAPHY NUMBER | |
| National bibliography number | GBB045873 |
| Source | bnb |
| 016 7# - NATIONAL BIBLIOGRAPHIC AGENCY CONTROL NUMBER | |
| Record control number | 015522046 |
| Source | Uk |
| 020 ## - INTERNATIONAL STANDARD BOOK NUMBER | |
| International Standard Book Number | 9780470405017 (cloth) |
| 020 ## - INTERNATIONAL STANDARD BOOK NUMBER | |
| International Standard Book Number | 0470405015 (cloth) |
| 035 ## - SYSTEM CONTROL NUMBER | |
| System control number | (OCoLC)ocn471799529 |
| 040 ## - CATALOGING SOURCE | |
| Original cataloging agency | DLC |
| Transcribing agency | DLC |
| Modifying agency | BTCTA |
| -- | YDXCP |
| -- | UKM |
| -- | C#P |
| -- | DLC |
| 050 00 - LIBRARY OF CONGRESS CALL NUMBER | |
| Classification number | HD 57.7 |
| Item number | .C6427 2010 |
| 082 00 - DEWEY DECIMAL CLASSIFICATION NUMBER | |
| Classification number | 658.4/092 |
| 100 1# - MAIN ENTRY--PERSONAL NAME | |
| Personal name | Cohen, William A., |
| Dates associated with a name | 1937- |
| 245 10 - TITLE STATEMENT | |
| Title | Heroic leadership : |
| Remainder of title | leading with integrity and honor / |
| Statement of responsibility, etc | William A. Cohen. |
| 250 ## - EDITION STATEMENT | |
| Edition statement | 1st ed. |
| 260 ## - PUBLICATION, DISTRIBUTION, ETC. (IMPRINT) | |
| Place of publication, distribution, etc | San Francisco, Calif. : |
| Name of publisher, distributor, etc | Jossey-Bass, |
| Date of publication, distribution, etc | c2010. |
| 300 ## - PHYSICAL DESCRIPTION | |
| Extent | x, 278 p. ; |
| Dimensions | 24 cm. |
| 505 0# - FORMATTED CONTENTS NOTE | |
| Formatted contents note | Maintain absolute integrity -- Know your stuff -- Declare your expectations -- Show uncommon commitment -- Expect positive results -- Take care of your people -- Put duty before self -- Get out in front -- Direction -- Indirection -- Redirection -- Deflection -- Enlistment -- Persuasion -- Negotiation -- Involvement -- How to attract followership -- How to develop your self-confidence -- How to build a heroic team -- How to develop high morale and esprit de corps -- How to motivate when times get tough -- How to take charge in crisis situations -- How to develop your charisma -- How to solve problems and make decisions. |
| 521 ## - TARGET AUDIENCE NOTE | |
| Target audience note | |
| 650 #0 - SUBJECT ADDED ENTRY--TOPICAL TERM | |
| Topical term or geographic name as entry element | Leadership. |
| 650 #0 - SUBJECT ADDED ENTRY--TOPICAL TERM | |
| Topical term or geographic name as entry element | Employee motivation. |
| 906 ## - LOCAL DATA ELEMENT F, LDF (RLIN) | |
| a | 7 |
| b | cbc |
| c | orignew |
| d | 1 |
| e | ecip |
| f | 20 |
| g | y-gencatlg |
| 942 ## - ADDED ENTRY ELEMENTS (KOHA) | |
| Source of classification or shelving scheme | Library of Congress Classification |
| Koha item type | Books |
| Call number prefix | Foreign |
| Withdrawn status | Lost status | Source of classification or shelving scheme | Damaged status | Not for loan | Home library | Current library | Shelving location | Date acquired | Source of acquisition | Total Checkouts | Full call number | Barcode | Date last seen | Price effective from | Koha item type |
|---|---|---|---|---|---|---|---|---|---|---|---|---|---|---|---|
| Library of Congress Classification | On Process | College Library | College Library | General Circulation Section | 09/03/2014 | Donation | HD 57.7 .C6427 2010 | C18566 | 05/15/2018 | 09/03/2014 | Books |